All Turkish Premier League Players Ever - Statistics

General Stats
  • This quiz has been taken 26 times
    4 since last reset
  • The average score is 6 of 25
Answer Stats
Position Clubs Years Player % Correct
GK Manchester United 2024-present Altay Bayindir
100%
ATT Everton, Crystal Palace 2017-22 Cenk Tosun
100%
ATT Sheff Utd 2006-07 Colin Kazim-Richards
67%
ATT Middlesbrough, Stoke, Bolton 2007-12 Tuncay
67%
DEF Leicester 2018-23 Caglar Soyuncu
33%
MID Newcastle 2005-08 Emre Belozoglu
33%
ATT Bournemouth 2023-present Enes Unal
33%
DEF Brighton 2024-present Ferdi Kadioglu
33%
ATT Blackburn 2002-03 Hakan Sukur
33%
MID Leicester, Birmingham 1996-2002, 2003-06 Muzzy Izzet
33%
DEF Liverpool, Norwich 2020-22 Ozan Kabak
33%
MID Watford 2021-22 Ozan Tufan
33%
DEF Aston Villa 2000-04 Alpay Ozalan
0%
MID Bolton 2002-03 Bulent Akin
0%
MID/ATT Leicester 2020-21 Cengiz Under
0%
MID West Ham 2016-17 Gokhan Tore
0%
DEF Blackburn 2001-02 Hakan Unsal
0%
ATT Brentford 2022-23 Halil Dervisoglu
0%
MID Reading 2012-13 Jem Karacan
0%
MID Fulham 2011-13 Kerim Frei
0%
MID Liverpool 2012-13 Nuri Sahin
0%
MID West Brom 2020-21 Okay Yokuslu
0%
MID Blackburn 2001-09 Tugay Kerimoglu
0%
MID Blackburn 2009-10 Yildiray Basturk
0%
MID Brentford 2024-25 Yunus Emre Konak
0%
No matching quizzes found
Score Distribution
Percent of People with Each Score
Percentile by Number Answered
Your Score History
You have not taken this quiz since the last reset